00737nam a2200193Ia 450000500170000000800410001702000220005805000240008010000230010424501310012725000090025826000410026730000160030833700100032433800140033450000220034863001390037070000340050920231102151443.0121028s9999 xx 000 0 und d a978-84-8322-350-5 aQA76.64 B385 200610aBARNES, David John aProgramacion orientada a objetos con java : una introduccion practica usando Buej c/ David J. Barnes and Michael K. Kölling a3 ed aMéxicob : Pearson Educacionc2007 a480 paginas atexto asin medio aIncluye Contenido aProgramación orientada a objetos (Computadoras) Java (Lenguaje de programación) Computación - Estudio y enseñanza  aKölling, Michael, coaut.Ì